000 00376nam a2200133Ia 4500
008 100328s9999 xx 000 0 und d
082 _b61616
100 _aफडके कमलिनी.
245 _aअरबमुद्रा.
260 _bमाुश्री.
630 _aअरबमुद्रा.
730 _aअरबमुद्रा.
942 _cBOOK
999 _c547687
_d547684